00455nam a2200121Ia 4500008004100000245010300041245001500144260000900159650002500168856004800193999001900241952007300260171204s9999 xx 000 0 und d aMillennials with Kids: Marketing to This Powerful and Surprisingly Different Generation of Parents cJeff Fromm c2015 xMARKETING MANAGEMENT uhttp://down.ebook777.com/030/0814436587.pdf c347052d347052 001040aCLbCLd2017-12-04l0r2017-12-04 00:00:00w2017-12-04yCBE